| 000 | 00993nmc a2200349 a 4500 | ||
|---|---|---|---|
| 003 | AR-BaBNM | ||
| 005 | 20251128210056.0 | ||
| 008 | 139019s1987 ||||||||||||||000 | spa|| | ||
| 020 | _a950-583-051-3 | ||
| 040 | _cAR-BaBNM | ||
| 100 | 1 | _aEtchepareborda, Roberto | |
| 245 | 1 | 0 |
_aTres revoluciones _b1890-1893-1905 |
| 260 |
_aBuenos Aires _bPleamar _c1987 |
||
| 300 | 0 | _a316 p. | |
| 490 | 0 | _aTestimonios nacionales | |
| 504 | _aBibliografía para consultar p. 297-311 | ||
| 600 | 1 | 4 | _aPellegrini, Carlos |
| 600 | 1 | 4 | _aSáenz Peña, Luis |
| 600 | 1 | 4 | _aAlem, Leandro N. |
| 600 | 0 | 4 |
_aJuárez Celman _d1886-1890 |
| 610 | 2 | 4 | _aUnión Cívica Radical [Argentina] |
| 650 | 4 | _aHISTORIA POLITICA ARGENTINA | |
| 650 | 4 | _aLIBERALISMO | |
| 650 | 4 | _aDEMOCRATIZACION | |
| 650 | 4 | _aREFORMA POLITICA | |
| 650 | 4 | _aREVOLUCIONES RADICALES | |
| 651 | 4 | _aArgentina | |
| 653 | 0 | _aRADICALISMO | |
| 700 | 1 |
_aCaillet-Bois, Ricardo Rodolfo _eprologuista |
|
| 942 | _cBK | ||
| 998 | _cMariana | ||
| 999 |
_c13924 _d13924 |
||